| 000 | 00600cam a22002291 4500 | ||
|---|---|---|---|
| 001 | sa 64001698 | ||
| 003 | DLC | ||
| 005 | 20260227112004.0 | ||
| 008 | 870928s1963 ii 000 0 eng | ||
| 010 | _asa 64001698 | ||
| 035 | _a(OCoLC)16762941 | ||
| 040 |
_aDLC _cOrPS _dDLC |
||
| 042 | _apremarc | ||
| 043 | _aa-ii--- | ||
| 050 | 0 | 0 |
_aHG3284 _b.P3 1963 |
| 100 | 1 |
_aPanandikar, Satyashraya Gopal, _d1894- |
|
| 245 | 1 | 0 | _aBanking in India. |
| 250 | _a[10th rev. ed.] | ||
| 260 |
_aBombay, _bOrient Longmans _c[1963] |
||
| 300 |
_avii, 435 p. _c22 cm. |
||
| 650 | 0 |
_aBanks and banking _zIndia. |
|
| 999 |
_c56867 _d56867 |
||